<?xml version="1.0" encoding="UTF-8"?>
<record
    xmlns:xsi="http://www.w3.org/2001/XMLSchema-instance"
    xsi:schemaLocation="http://www.loc.gov/MARC21/slim http://www.loc.gov/standards/marcxml/schema/MARC21slim.xsd"
    xmlns="http://www.loc.gov/MARC21/slim">

  <leader>02833cam a2200349 a 4500</leader>
  <controlfield tag="003">EG-GiCUC</controlfield>
  <controlfield tag="005">20250223032211.0</controlfield>
  <controlfield tag="008">190219s2018    ua h   f m    000 0 eng d</controlfield>
  <datafield tag="040" ind1=" " ind2=" ">
    <subfield code="a">EG-GiCUC</subfield>
    <subfield code="b">eng</subfield>
    <subfield code="c">EG-GiCUC</subfield>
  </datafield>
  <datafield tag="041" ind1="0" ind2=" ">
    <subfield code="a">eng</subfield>
  </datafield>
  <datafield tag="049" ind1=" " ind2=" ">
    <subfield code="a">Deposite </subfield>
  </datafield>
  <datafield tag="097" ind1=" " ind2=" ">
    <subfield code="a">Ph.D</subfield>
  </datafield>
  <datafield tag="099" ind1=" " ind2=" ">
    <subfield code="a">Cai01.24.03.Ph.D.2018.Is.S</subfield>
  </datafield>
  <datafield tag="100" ind1="0" ind2=" ">
    <subfield code="a">Islam Mohamed Noaman Mohamed </subfield>
  </datafield>
  <datafield tag="245" ind1="1" ind2="0">
    <subfield code="a">Study of the treatment of cutaneous fungal infection in animal model using photoactivated composite of methylene blue and metal nanoparticle / </subfield>
    <subfield code="c">Islam Mohamed Noaman Mohamed ; Supervised Mona Mohamed Soliman , Abeer Attia Tawfik  ,Hassan Ibraheem H. Elsayyad </subfield>
  </datafield>
  <datafield tag="246" ind1="1" ind2="5">
    <subfield code="a">&#x639;&#x644;&#x627;&#x62C; &#x627;&#x644;&#x641;&#x637;&#x631;&#x64A;&#x627;&#x62A; &#x627;&#x644;&#x62C;&#x644;&#x62F;&#x64A;&#x629; &#x641;&#x64A; &#x646;&#x645;&#x648;&#x630;&#x62C; &#x62D;&#x64A;&#x648;&#x627;&#x646;&#x64A; &#x628;&#x627;&#x633;&#x62A;&#x62E;&#x62F;&#x627;&#x645; &#x645;&#x631;&#x643;&#x628; &#x627;&#x644;&#x645;&#x64A;&#x62B;&#x64A;&#x644;&#x64A;&#x646; &#x627;&#x644;&#x623;&#x632;&#x631;&#x642; &#x648;&#x62C;&#x633;&#x64A;&#x645;&#x627;&#x62A; &#x627;&#x644;&#x646;&#x627;&#x646;&#x648; &#x627;&#x644;&#x645;&#x639;&#x62F;&#x646;&#x64A;&#x629; &#x627;&#x644;&#x645;&#x633;&#x62A;&#x62D;&#x62B;&#x629; &#x628;&#x627;&#x644;&#x636;&#x648;&#x621; </subfield>
  </datafield>
  <datafield tag="260" ind1=" " ind2=" ">
    <subfield code="a">Cairo : </subfield>
    <subfield code="b">Islam Mohamed Noaman Mohamed , </subfield>
    <subfield code="c">2018</subfield>
  </datafield>
  <datafield tag="300" ind1=" " ind2=" ">
    <subfield code="a">78 P. : </subfield>
    <subfield code="b">facsimiles ; </subfield>
    <subfield code="c">25cm</subfield>
  </datafield>
  <datafield tag="502" ind1=" " ind2=" ">
    <subfield code="a">Thesis (Ph.D.) - Cairo University - National Institute of Laser Enhanced Sciences - Department of Laser Applications in Medical and Biological</subfield>
  </datafield>
  <datafield tag="520" ind1=" " ind2=" ">
    <subfield code="a">Background: Onychomycosis is a widespread public health problem, in which T. rubrum and T. mentagro-phytes is the commenest causative organisms. Current medical therapy has many drawbacks and sideeffects. Methylene blue (m.b) photodynamic therapy (pdt) proved efficacy but with lengthy sessions.Objectives: Optimizing methylene blue photodynamic therapy by combination of methylene blue pho-tosensitizer and gold nanoparticles (aunps) in a composite as gold nanoparticles are efficient delivery systems and efficient enhancers of photosensitizers for antifungal photodynamic therapy. Materials and methods: Eighty newzealand rabbit (Oryctolagus cuniculus) were used and categorized ineight equal groups as follows; healthy and infection control, composite photodynamic therapy and five comparative groups. Photodynamic therapy was initiated at day three to five post inoculation, for four sessions forty-eight hours apart. Each group divided and light exposure at two fluencies; 80 J and 100 J. All groups were investigated macroscopically and microscopically (histopathology and scanning electron microscope) also flowcytometry assessment for cell death and X-ray analysis for gold nanoparticles accumulation in brain and liver tissues were determined</subfield>
  </datafield>
  <datafield tag="530" ind1=" " ind2=" ">
    <subfield code="a">Issued also as CD</subfield>
  </datafield>
  <datafield tag="653" ind1=" " ind2="4">
    <subfield code="a">Dermatophytosis </subfield>
  </datafield>
  <datafield tag="653" ind1=" " ind2="4">
    <subfield code="a">Methylene blue photodynamic therapy </subfield>
  </datafield>
  <datafield tag="653" ind1=" " ind2="4">
    <subfield code="a">Onychomycosis </subfield>
  </datafield>
  <datafield tag="700" ind1="0" ind2=" ">
    <subfield code="a">Abeer Attia Tawfik , </subfield>
    <subfield code="e">Supervisor</subfield>
  </datafield>
  <datafield tag="700" ind1="0" ind2=" ">
    <subfield code="a">Hassan Ibraheem H. Elsayyad , </subfield>
    <subfield code="e">Supervisor</subfield>
  </datafield>
  <datafield tag="700" ind1="0" ind2=" ">
    <subfield code="a">Mona Mohamed Soliman , </subfield>
    <subfield code="e">Supervisor</subfield>
  </datafield>
  <datafield tag="856" ind1=" " ind2=" ">
    <subfield code="u">http://172.23.153.220/th.pdf</subfield>
  </datafield>
  <datafield tag="905" ind1=" " ind2=" ">
    <subfield code="a">Asmaa</subfield>
    <subfield code="e">Cataloger</subfield>
  </datafield>
  <datafield tag="905" ind1=" " ind2=" ">
    <subfield code="a">Nazla</subfield>
    <subfield code="e">Revisor</subfield>
  </datafield>
  <datafield tag="942" ind1=" " ind2=" ">
    <subfield code="2">ddc</subfield>
    <subfield code="c">TH</subfield>
  </datafield>
  <datafield tag="999" ind1=" " ind2=" ">
    <subfield code="c">70329</subfield>
    <subfield code="d">70329</subfield>
  </datafield>
  <datafield tag="952" ind1=" " ind2=" ">
    <subfield code="2">ddc</subfield>
    <subfield code="7">0</subfield>
    <subfield code="a">CUCL</subfield>
    <subfield code="b">cl210</subfield>
    <subfield code="d">2024-02-11</subfield>
    <subfield code="o">Cai01.24.03.Ph.D.2018.Is.S</subfield>
    <subfield code="p">01010110077084000</subfield>
    <subfield code="r">2023-09-22 00:00:00</subfield>
    <subfield code="y">TH</subfield>
  </datafield>
  <datafield tag="952" ind1=" " ind2=" ">
    <subfield code="2">ddc</subfield>
    <subfield code="7">0</subfield>
    <subfield code="a">CUCL</subfield>
    <subfield code="b">cl2u8</subfield>
    <subfield code="d">2024-02-11</subfield>
    <subfield code="o">Cai01.24.03.Ph.D.2018.Is.S</subfield>
    <subfield code="p">01020110077084000</subfield>
    <subfield code="r">2023-09-22 00:00:00</subfield>
    <subfield code="t">77084.CD     </subfield>
    <subfield code="y">CD</subfield>
  </datafield>
</record>
